| 000 | 00810 a2200229 4500 | ||
|---|---|---|---|
| 999 |
_c9487 _d9487 |
||
| 020 | _a042184020X | ||
| 050 | 0 | 0 | _aKD703.D3 McG 2003 |
| 100 | 1 |
_aMcGregor, Harvey. _eauthor |
|
| 245 | 1 | 0 |
_aMcGregor on damages / _cby Harvey McGregor. |
| 250 | _a17th ed. | ||
| 264 |
_aLondon: _bSweet and maxwell., _c2003 |
||
| 300 | _acxvii, 1739 p. ; | ||
| 440 | 4 | _aThe common law library | |
| 500 | _aIncludes index. | ||
| 500 | _a"Chapter 42 on the Human Rights Act contributed by Martin Spencer Q.C. Chapters 43-45 on Procedure revised by Julian Picton." | ||
| 650 | 0 | _aDamages | |
| 650 | 0 | _aDamages | |
| 700 | 1 | _aSpencer, Martin. | |
| 700 | 1 | _aPicton, Julian. | |
| 942 |
_2lcc _cBK _h703.D3 _iMcG _kKD |
||